Làm chủ Microsoft Windows 2000 server; T1

Gardado en:
Detalles Bibliográficos
Autor Principal: Hoàng Đức Hải
Formato: Libro
Idioma:Undetermined
Publicado: Hà Nội Giáo Dục 2000
Những chủ đề:
Các nhãn: Engadir etiqueta
Sen Etiquetas, Sexa o primeiro en etiquetar este rexistro!
Thư viện lưu trữ: Trung tâm Học liệu Trường Đại học Cần Thơ
LEADER 00633nam a2200193Ia 4500
001 CTU_42032
008 210402s9999 xx 000 0 und d
020 |b 98.000đ 
082 |a 005.43769 
082 |b D513/T1 
100 |a Hoàng Đức Hải 
245 0 |a Làm chủ Microsoft Windows 2000 server; T1 
245 0 |c Hoàng Đức Hải, Phạm Hoàng Dũng 
260 |a Hà Nội 
260 |b Giáo Dục 
260 |c 2000 
650 |a network computing,operating system,system administration,windows ( computer programs ) 
904 |i Minh, 010627 
980 |a Trung tâm Học liệu Trường Đại học Cần Thơ